[Event "Sachsen-Anhalt-ch op"]
[Site "Magdeburg"]
[Date "2021.10.30"]
[Round "5"]
[White "Brueggemann, Frank1111"]
[Black "Loesche, Marian"]
[Result "1/2-1/2"]
[WhiteElo "1494"]
[BlackElo "1722"]
[PlyCount "97"]
[EventDate "2021.10.28"]
[EventType "swiss"]
[EventRounds "7"]
[EventCountry "GER"]
[SourceTitle "CBM 205 Extra"]
[Source "ChessBase"]
[SourceDate "2022.01.31"]
[SourceVersion "1"]
[SourceVersionDate "2022.01.31"]
[SourceQuality "1"]

1. Nf3 d5 2. c4 e6 3. d4 Nf6 4. Bg5 Be7 5. Nc3 0-0 6. e3 c5 7. dxc5 Qa5 8. Be2 Qxc5 9. cxd5 exd5 10. 0-0 Be6 11. Rc1 Qb6 12. Rb1 Nbd7 13. Nd4 a6 14. Bxf6 Nxf6 15. Nxe6 fxe6 16. Bf3 Rad8 17. Qe2 e5 18. g3 Rfe8 19. Qc2 Qc7 20. Qb3 b5 21. Nxd5 Nxd5 22. Bxd5+ Kh8 23. Rbd1 Rf8 24. Rc1 Qd6 25. e4 Qb8 26. Rc6 Qa7 27. Qc3 Bd6 28. Qa5 Qd4 29. Qb6 Qxb6 30. Rxb6 Bc5 31. Rxa6 Bd4 32. b3 Rxf2 33. Rxf2 Rf8 34. Ra8 Bxf2+ 35. Kg2 Rxa8 36. Bxa8 Be1 37. a4 bxa4 38. bxa4 Kg8 39. Kf3 Kf7 40. Bd5+ Kf6 41. h3 h5 42. Bb7 g5 43. g4 h4 44. Ke2 Ba5 45. Kd3 Ke6 46. Kc4 Kd6 47. Kb5 Bd2 48. a5 Kc7 49. a6 1/2-1/2

[Event "Sachsen-Anhalt-ch op"]
[Site "Magdeburg"]
[Date "2021.10.29"]
[Round "4"]
[White "Loesche, Marian"]
[Black "Knappe, Stefan1111"]
[Result "1-0"]
[WhiteElo "1722"]
[BlackElo "1362"]
[PlyCount "51"]
[EventDate "2021.10.28"]
[EventType "swiss"]
[EventRounds "7"]
[EventCountry "GER"]
[SourceTitle "CBM 205 Extra"]
[Source "ChessBase"]
[SourceDate "2022.01.31"]
[SourceVersion "1"]
[SourceVersionDate "2022.01.31"]
[SourceQuality "1"]

1. e4 Nc6 2. d4 e6 3. c4 d5 4. e5 Be7 5. Nf3 Bb4+ 6. Nc3 Nge7 7. Bd3 Na5 8. Qa4+ Nac6 9. 0-0 Bxc3 10. bxc3 Bd7 11. Qc2 Nf5 12. Bxf5 exf5 13. cxd5 Na5 14. Re1 0-0 15. e6 fxe6 16. dxe6 Bc6 17. e7 Be4 18. exd8Q Bxc2 19. Qd5+ Kh8 20. Qxa5 Be4 21. Ne5 b6 22. Qb5 Rad8 23. Ba3 Rd5 24. Qb3 c5 25. Rxe4 Rxe5 26. Rxe5 1-0